000 00505nam a2200193 4500
003 SEACOMEC
005 20240404125314.0
008 231005b |||||||| |||| 00| 0 eng d
020 _c$6.90
040 _aSEACOMEC
082 _a515.35
_bB791
100 1 _aBoyce,William E.
245 1 _aElementary differential equations
_cWilliam E. Boyce and Richard C. Diprima
250 _a7th ed.
260 _aSingapore
_bJohn Wiley
_c2002
650 _aAnalysis
700 1 _aDiprima, Richard C.
942 _cBOOK
999 _c107
_d107